00300 a2200121 450000100060000008200110000610000150001724500530003225000060008526000300009130000300012150000270015127820 a530SEA aSears, F W aUniversity Physics ,4th EdcFrancis Weston Sears a4 aUSAbAddison Wesleyc1970 a671, A-11, T-4bphotocopy aBE textbook H & S dept